[Event "Online Olym Div2 E"]
[Site "Chess.com INT"]
[Date "2020.08.15"]
[Round "6.6"]
[White "Espinosa Cancino, Monica"]
[Black "Demeter, Dorina"]
[Result "0-1"]
[WhiteElo "1666"]
[BlackElo "2076"]
[PlyCount "96"]
[EventDate "2020.08.14"]
[EventType "team-tourn (rapid)"]
[EventRounds "9"]
[EventCountry "USA"]
[SourceTitle "CBM 198"]
[Source "ChessBase"]
[SourceDate "2020.10.31"]
[SourceVersion "1"]
[SourceVersionDate "2020.10.31"]
[SourceQuality "1"]
[WhiteTeam "Scotland"]
[BlackTeam "Hungary"]
[WhiteTeamCountry "SCO"]
[BlackTeamCountry "HUN"]

1. d4 d5 2. Nf3 Nf6 3. g3 g6 4. Bg2 Bg7 5. 0-0 0-0 6. c4 Nc6 7. cxd5 Nxd5 8. e4 Nb6 9. Be3 Nc4 10. Qe2 Nxe3 11. fxe3 a5 12. Nc3 b6 13. a4 Ba6 14. Nb5 Na7 15. d5 Qd7 16. Rfc1 Nxb5 17. axb5 Bxb5 18. Qc2 Rac8 19. Nd4 Bxd4 20. exd4 c6 21. Qb3 Kg7 22. Rc3 cxd5 23. exd5 e6 24. dxe6 Qxd4+ 25. Kh1 Bc4 26. Rd1 Bxb3 27. Rxd4 Bxe6 28. Rd6 Rfd8 29. Rxc8 Rxd6 30. Rc1 Rd2 31. Rb1 Bf5 32. Rc1 Rxb2 33. Rf1 Rb1 34. Rxb1 Bxb1 35. Bf3 a4 36. Kg1 a3 37. Bd5 a2 38. Bxa2 Bxa2 39. Kf2 Kf6 40. Ke3 Ke5 41. Kd3 Kd5 42. Ke3 b5 43. Kd3 b4 44. Kd2 Kd4 45. Kc2 Bd5 46. Kd2 b3 47. Kc1 Kc3 48. Kb1 b2 0-1

[Event "Online Olym Div3 B"]
[Site "Chess.com INT"]
[Date "2020.08.09"]
[Round "7.1"]
[White "Espinosa Cancino, Monica"]
[Black "Gabatshwarwe, Refilwe"]
[Result "1/2-1/2"]
[WhiteElo "1666"]
[BlackElo "1750"]
[PlyCount "141"]
[EventDate "2020.08.07"]
[EventType "team-tourn (rapid)"]
[EventRounds "9"]
[EventCountry "USA"]
[SourceTitle "CBM 198"]
[Source "ChessBase"]
[SourceDate "2020.10.31"]
[SourceVersion "1"]
[SourceVersionDate "2020.10.31"]
[SourceQuality "1"]
[WhiteTeam "Scotland"]
[BlackTeam "Botswana"]
[WhiteTeamCountry "SCO"]
[BlackTeamCountry "BOT"]

1. d4 d5 2. Nf3 Nf6 3. g3 c5 4. c4 dxc4 5. Qa4+ Nc6 6. dxc5 e6 7. Qxc4 Qa5+ 8. Bd2 Qxc5 9. Na3 Qxc4 10. Nxc4 b5 11. Ne3 Bb7 12. Bg2 Ne4 13. 0-0 Be7 14. Rfd1 0-0 15. Rac1 Rfd8 16. Be1 Rac8 17. Nd2 Nxd2 18. Rxd2 Rxd2 19. Bxd2 Bf6 20. b3 Nd4 21. Rxc8+ Bxc8 22. Kf1 Be7 23. Nd1 b4 24. Nb2 Ba6 25. Nc4 Nb5 26. Ke1 f6 27. Bf3 Kf7 28. Nb2 Nd4 29. Nc4 Nxf3+ 30. exf3 Bxc4 31. bxc4 e5 32. Kd1 Ke6 33. Kc2 Kd7 34. Kb3 Kc6 35. Bxb4 Bd8 36. Bf8 g6 37. a4 f5 38. Bb4 Bb6 39. Be1 Bd4 40. Kb4 h6 41. Kb3 g5 42. Kc2 h5 43. Kd3 Kc5 44. a5 a6 45. h3 Kc6 46. Ke2 Kc5 47. Kd3 Ba1 48. Bd2 Bd4 49. Bxg5 Bxf2 50. g4 hxg4 51. hxg4 fxg4 52. fxg4 Be1 53. Bd2 Bh4 54. g5 Kd6 55. Ke4 Ke6 56. c5 Bf2 57. Bc3 Bxc5 58. Bxe5 Bb4 59. Bc7 Kd7 60. Bb6 Ke7 61. Ke5 Kf7 62. Kf5 Kg8 63. Kg6 Bd2 64. Kf6 Bc3+ 65. Ke6 Kg7 66. Bd8 Kg6 67. Kd6 Bxa5 68. Bxa5 Kxg5 69. Kc6 Kf5 70. Kb6 Kg4 71. Kxa6 1/2-1/2

[Event "Online Olym Div3 B"]
[Site "Chess.com INT"]
[Date "2020.08.08"]
[Round "5.1"]
[White "Espinosa Cancino, Monica"]
[Black "Pipiras, Filipa Fortuna"]
[Result "1/2-1/2"]
[WhiteElo "1666"]
[BlackElo "1907"]
[PlyCount "144"]
[EventDate "2020.08.07"]
[EventType "team-tourn (rapid)"]
[EventRounds "9"]
[EventCountry "USA"]
[SourceTitle "CBM 198"]
[Source "ChessBase"]
[SourceDate "2020.10.31"]
[SourceVersion "1"]
[SourceVersionDate "2020.10.31"]
[SourceQuality "1"]
[WhiteTeam "Scotland"]
[BlackTeam "Portugal"]
[WhiteTeamCountry "SCO"]
[BlackTeamCountry "POR"]

1. d4 d5 2. Nf3 Nf6 3. g3 e6 4. Bg2 Be7 5. 0-0 0-0 6. c4 dxc4 7. Nc3 Nbd7 8. Qc2 c5 9. Rd1 cxd4 10. Nxd4 a6 11. Ne4 Nd5 12. Qxc4 b5 13. Qb3 Bb7 14. Be3 N7b6 15. Nd2 Rc8 16. Rac1 Rxc1 17. Rxc1 Nxe3 18. Qxe3 Nd5 19. Bxd5 Qxd5 20. N4f3 Qxa2 21. Rc7 Bxf3 22. Nxf3 Bf6 23. b3 a5 24. Kg2 h6 25. Rb7 b4 26. Rb5 Rc8 27. Qd3 g6 28. Nd2 Rd8 29. Qf3 Qxd2 30. Qxf6 Ra8 31. Qf3 Ra7 32. Rb8+ Kg7 33. Rb5 Qd7 34. Rc5 a4 35. bxa4 Qxa4 36. Qe3 Qd7 37. Qe5+ Kh7 38. Qe3 Rb7 39. Rc2 b3 40. Rb2 Qd5+ 41. f3 Qc4 42. Qd2 Ra7 43. Qe3 Ra2 44. Qxb3 Qxb3 45. Rxb3 Rxe2+ 46. Kg1 Kg7 47. h3 Rc2 48. Re3 Kf6 49. Kf1 Rh2 50. h4 h5 51. Re2 Rxe2 52. Kxe2 g5 53. hxg5+ Kxg5 54. Kf2 f5 55. Kg2 h4 56. Kh3 hxg3 57. Kxg3 Kf6 58. Kf4 e5+ 59. Ke3 Ke6 60. Ke2 Kd5 61. Kd3 f4 62. Ke2 Kd4 63. Kd2 Kd5 64. Kd3 e4+ 65. fxe4+ Ke5 66. Ke2 Kxe4 67. Kf2 f3 68. Kf1 Kf4 69. Kf2 Ke4 70. Kf1 Ke3 71. Ke1 f2+ 72. Kf1 Kf3 1/2-1/2

[Event "Olympiad Women-43"]
[Site "Batumi"]
[Date "2018.10.01"]
[Round "7.43"]
[White "Espinosa Cancino, Monica"]
[Black "Zengeni, Paidaishe"]
[Result "1-0"]
[WhiteElo "1655"]
[BlackElo "1528"]
[PlyCount "55"]
[EventDate "2018.09.24"]
[EventType "team-swiss"]
[EventRounds "11"]
[EventCountry "GEO"]
[SourceTitle "EXT 2020"]
[Source "ChessBase"]
[SourceDate "2019.10.17"]
[SourceVersion "1"]
[SourceVersionDate "2019.10.17"]
[SourceQuality "1"]
[WhiteTeam "Scotland (W)"]
[BlackTeam "Zimbabwe (W)"]
[WhiteTeamCountry "SCO"]
[BlackTeamCountry "ZIM"]

1. Nf3 Nf6 2. d4 c5 3. d5 d6 4. c4 e6 5. Nc3 exd5 6. cxd5 Be7 7. e3 a6 8. a4 Bg4 9. Be2 Nbd7 10. 0-0 0-0 11. b3 Rb8 12. Bb2 Bxf3 13. gxf3 Ne5 14. Kh1 h5 15. Rg1 Qd7 16. Ne4 Kh8 17. Nxf6 Bxf6 18. f4 Ng6 19. Bxf6 gxf6 20. Bxh5 Rg8 21. Bg4 Qe8 22. Qf3 Rg7 23. Bf5 b5 24. a5 c4 25. b4 Rh7 26. Qe2 Rh6 27. Qb2 Nh4 28. Bc2 1-0

[Event "Olympiad Women-43"]
[Site "Batumi"]
[Date "2018.09.27"]
[Round "4.26"]
[White "Rivera, Ingris"]
[Black "Espinosa Cancino, Monica"]
[Result "1-0"]
[WhiteElo "2227"]
[BlackElo "1655"]
[PlyCount "67"]
[EventDate "2018.09.24"]
[EventType "team-swiss"]
[EventRounds "11"]
[EventCountry "GEO"]
[SourceTitle "EXT 2020"]
[Source "ChessBase"]
[SourceDate "2019.10.17"]
[SourceVersion "1"]
[SourceVersionDate "2019.10.17"]
[SourceQuality "1"]
[WhiteTeam "Colombia (W)"]
[BlackTeam "Scotland (W)"]
[WhiteTeamCountry "COL"]
[BlackTeamCountry "SCO"]

1. d4 d5 2. Nf3 Nf6 3. e3 e6 4. Bd3 c6 5. b3 Nbd7 6. Bb2 Bd6 7. Ne5 0-0 8. 0-0 Qe7 9. Nd2 Re8 10. f4 Nf8 11. Rf3 N6d7 12. Rh3 f5 13. Ndf3 Bxe5 14. fxe5 b5 15. Qe1 a5 16. Bc3 b4 17. Bd2 c5 18. a3 Rb8 19. axb4 axb4 20. Ra4 Nb6 21. Ra5 c4 22. Bxb4 Qd8 23. Bf1 Bb7 24. Ra7 Qc8 25. Qh4 Qd8 26. Qh5 h6 27. Rg3 Kh8 28. Bd6 Nbd7 29. Bxb8 Qxb8 30. Rxb7 Qc8 31. Qf7 g6 32. Nh4 g5 33. Rxd7 Qxd7 34. Ng6+ 1-0

[Event "London Classic op"]
[Site "London"]
[Date "2017.12.05"]
[Round "5"]
[White "Rice, Christopher"]
[Black "Espinosa Cancino, Monica"]
[Result "1/2-1/2"]
[WhiteElo "1969"]
[BlackElo "1721"]
[PlyCount "54"]
[EventDate "2017.12.02"]
[EventType "swiss"]
[EventRounds "9"]
[EventCountry "ENG"]
[SourceTitle "CBM 182 Extra"]
[Source "ChessBase"]
[SourceDate "2018.02.23"]
[SourceVersion "1"]
[SourceVersionDate "2018.02.23"]
[SourceQuality "1"]

1. c4 Nf6 2. g3 e6 3. Bg2 d5 4. Nf3 Be7 5. 0-0 0-0 6. Qc2 c6 7. d3 Nbd7 8. Nc3 b6 9. Rd1 Bb7 10. e4 dxe4 11. dxe4 Qc7 12. b3 Rfd8 13. Bb2 Nf8 14. h3 e5 15. Rxd8 Rxd8 16. Nd1 N6d7 17. Ne3 Ne6 18. Rd1 f6 19. h4 Ndc5 20. Bh3 Bc8 21. Bg2 a5 22. Bc3 Na6 23. Nf5 Bf8 24. Rd2 Nec5 25. a3 Rxd2 26. Nxd2 Qd7 27. Bf1 Ne6 1/2-1/2

[Event "London Classic op"]
[Site "London"]
[Date "2017.12.03"]
[Round "2"]
[White "Espinosa Cancino, Monica"]
[Black "Pollack, Oscar"]
[Result "1-0"]
[WhiteElo "1721"]
[BlackElo "2014"]
[PlyCount "109"]
[EventDate "2017.12.02"]
[EventType "swiss"]
[EventRounds "9"]
[EventCountry "ENG"]
[SourceTitle "CBM 182 Extra"]
[Source "ChessBase"]
[SourceDate "2018.02.23"]
[SourceVersion "1"]
[SourceVersionDate "2018.02.23"]
[SourceQuality "1"]

1. d4 Nf6 2. Nf3 c5 3. e3 b6 4. Be2 Bb7 5. 0-0 e6 6. b3 Be7 7. Bb2 0-0 8. c4 cxd4 9. Nxd4 Na6 10. Nc3 Nc5 11. Bf3 Bxf3 12. Nxf3 Rc8 13. Qe2 Qc7 14. e4 Qb7 15. Rfe1 d6 16. Rad1 a6 17. e5 dxe5 18. Nxe5 Rfd8 19. f3 h6 20. Rd2 Rxd2 21. Qxd2 Rd8 22. Qe2 Nfd7 23. Ng4 Nf8 24. Nf2 Ng6 25. Rd1 Qc7 26. Rxd8+ Qxd8 27. Qd1 Qxd1+ 28. Ncxd1 Nf4 29. Kf1 Ncd3 30. Nxd3 Nxd3 31. Ke2 Nxb2 32. Nxb2 Kf8 33. Na4 b5 34. cxb5 axb5 35. Nc3 b4 36. Na4 Ke8 37. Kd3 Kd7 38. Kc4 Kc6 39. Nb2 Kb6 40. Nd3 Ka5 41. Ne5 Bd6 42. Nc6+ Kb6 43. Nxb4 Bxh2 44. Nd3 h5 45. b4 g5 46. a4 f5 47. a5+ Ka7 48. Nc5 e5 49. b5 g4 50. b6+ Ka8 51. a6 gxf3 52. gxf3 h4 53. Kb5 h3 54. a7 e4 55. Ka6 1-0

[Event "EU-ch U18 Girls 27th"]
[Site "Mamaia"]
[Date "2017.09.09"]
[Round "5"]
[White "Espinosa Cancino, Monica"]
[Black "Bulgurcu, Feyza Nur"]
[Result "1-0"]
[WhiteElo "1708"]
[BlackElo "1494"]
[PlyCount "95"]
[EventDate "2017.09.05"]
[EventType "swiss"]
[EventRounds "9"]
[EventCountry "ROU"]
[SourceTitle "EXT 2018"]
[Source "ChessBase"]
[SourceDate "2017.10.13"]
[SourceVersion "1"]
[SourceVersionDate "2017.10.13"]
[SourceQuality "1"]

1. d4 d5 2. Nf3 Nf6 3. g3 Bf5 4. Bg2 e6 5. 0-0 Nbd7 6. c4 c6 7. Nbd2 Bd6 8. b3 0-0 9. Bb2 Ne4 10. Nh4 Nxd2 11. Qxd2 Bg6 12. Nxg6 hxg6 13. e4 dxe4 14. Bxe4 Nf6 15. Bg2 Qe7 16. Rad1 Rad8 17. Qc1 Rd7 18. Rfe1 Bb4 19. Re2 Rfd8 20. a3 Ba5 21. b4 Bc7 22. Qc2 a5 23. Qb3 axb4 24. axb4 Rd6 25. d5 b5 26. c5 Rxd5 27. Bxd5 Nxd5 28. Ra1 Qg5 29. Qf3 Nf4 30. Re3 Rd2 31. Kf1 Rxb2 32. gxf4 Bxf4 33. Ra8+ Kh7 34. Qh3+ Qh6 35. Qxh6+ Kxh6 36. Re4 Bd2 37. Rc8 Bxb4 38. Rxc6 Rb1+ 39. Kg2 Ba3 40. Rc8 Rc1 41. c6 b4 42. c7 b3 43. Rh8+ Kg5 44. c8Q b2 45. Qd8+ Kf5 46. Qd3 e5 47. Ra4+ Kf6 48. Ra6+ 1-0

[Event "EU-ch U18 Girls 27th"]
[Site "Mamaia"]
[Date "2017.09.07"]
[Round "3"]
[White "Balla, Klea"]
[Black "Espinosa Cancino, Monica"]
[Result "0-1"]
[WhiteElo "1349"]
[BlackElo "1708"]
[PlyCount "48"]
[EventDate "2017.09.05"]
[EventType "swiss"]
[EventRounds "9"]
[EventCountry "ROU"]
[SourceTitle "CBM 180 Extra"]
[Source "ChessBase"]
[SourceDate "2017.10.06"]
[SourceVersion "1"]
[SourceVersionDate "2017.10.06"]
[SourceQuality "1"]

1. c4 Nf6 2. Nc3 e6 3. e3 d5 4. cxd5 exd5 5. Qc2 c6 6. a3 a5 7. Nf3 Bd6 8. b3 0-0 9. Be2 Nbd7 10. Bb2 Re8 11. 0-0 Nf8 12. Nd4 Ne4 13. f3 Qh4 14. h3 Bxh3 15. fxe4 Bxg2 16. Nf3 Qg3 17. Rf2 Bxf3+ 18. Kf1 Qh3+ 19. Ke1 Qh1+ 20. Bf1 Bg3 21. Ne2 Bxe2 22. Kxe2 Qh5+ 23. Ke1 Qf3 24. Qc3 Bxf2# 0-1

[Event "World ol U16"]
[Site "Poprad"]
[Date "2016.07.27"]
[Round "7.4"]
[White "Liu, Suhui"]
[Black "Espinosa Cancino, Monica"]
[Result "1/2-1/2"]
[WhiteElo "1594"]
[BlackElo "1636"]
[PlyCount "45"]
[EventDate "2016.07.22"]
[EventType "team-swiss"]
[EventRounds "9"]
[EventCountry "SVK"]
[SourceTitle "EXT 2017"]
[Source "ChessBase"]
[SourceDate "2016.10.25"]
[SourceVersion "1"]
[SourceVersionDate "2016.10.25"]
[SourceQuality "1"]
[WhiteTeam "China II"]
[BlackTeam "Scotland"]
[WhiteTeamCountry "CHN"]
[BlackTeamCountry "SCO"]

1. e4 c5 2. Nf3 d6 3. d4 cxd4 4. Nxd4 Nf6 5. Nc3 a6 6. Be3 e6 7. a4 Be7 8. Be2 0-0 9. 0-0 Nc6 10. Kh1 Qc7 11. f4 Bd7 12. Qe1 Rac8 13. Qg3 Na5 14. e5 Ne8 15. Ne4 Kh8 16. c3 Nc4 17. Bxc4 Qxc4 18. a5 Qd5 19. Ng5 h6 20. Ngf3 Bd8 21. Rfd1 Qe4 22. Nd2 Qh7 23. N2f3 1/2-1/2

[Event "EU-ch U16 Girls 25th"]
[Site "Porec"]
[Date "2015.09.25"]
[Round "5"]
[White "Espinosa Cancino, Monica"]
[Black "Stsepkina, Katsiaryna"]
[Result "0-1"]
[WhiteElo "1496"]
[BlackElo "1912"]
[PlyCount "124"]
[EventDate "2015.09.21"]
[EventType "swiss"]
[EventRounds "9"]
[EventCountry "CRO"]
[SourceTitle "EXT 2016"]
[Source "ChessBase"]
[SourceDate "2015.10.08"]
[SourceVersion "1"]
[SourceVersionDate "2015.10.08"]
[SourceQuality "1"]

1. d4 Nf6 2. c4 c5 3. e3 g6 4. Nc3 Bg7 5. Nf3 0-0 6. Be2 cxd4 7. exd4 d5 8. h3 Nc6 9. 0-0 h6 10. Be3 Be6 11. Ne5 Na5 12. c5 Nd7 13. Bf3 Nxe5 14. dxe5 Nc4 15. Bxd5 Nxe3 16. fxe3 Bxd5 17. Qxd5 e6 18. Qd4 Qc7 19. Ne4 Bxe5 20. Qb4 a5 21. Qb5 f5 22. Nd2 Rfd8 23. Nc4 Bg3 24. Nb6 Rab8 25. Qxa5 Qe5 26. Nc4 Qd5 27. Qb4 Rbc8 28. Na5 Rd7 29. Rac1 Qd3 30. Nc4 Rdc7 31. Rc3 Qe4 32. Qb3 Rxc5 33. Nd2 Rxc3 34. bxc3 Qxe3+ 35. Kh1 Rxc3 36. Qd1 Rd3 37. Nc4 Rxd1 38. Nxe3 Rxf1+ 39. Nxf1 f4 40. Nd2 Kf7 41. Ne4 Ke7 42. Kg1 b6 43. Kf1 e5 44. Ke2 Ke6 45. Nc3 Kd6 46. Kd3 Be1 47. Na4 b5 48. Nb2 Kd5 49. Ke2 Bg3 50. a4 bxa4 51. Nxa4 Bh4 52. Nb6+ Kd4 53. Nc8 Bd8 54. Nd6 h5 55. Kd2 Kd5 56. Nb5 Ba5+ 57. Kd3 e4+ 58. Ke2 Kc5 59. Na7 Bb4 60. Nc8 Kc6 61. Na7+ Kb6 62. Nc8+ Kb7 0-1

[Event "EU-ch U16 Girls 25th"]
[Site "Porec"]
[Date "2015.09.24"]
[Round "4"]
[White "Waechter, Nathalie"]
[Black "Espinosa Cancino, Monica"]
[Result "1-0"]
[WhiteElo "1984"]
[BlackElo "1496"]
[PlyCount "107"]
[EventDate "2015.09.21"]
[EventType "swiss"]
[EventRounds "9"]
[EventCountry "CRO"]
[SourceTitle "EXT 2016"]
[Source "ChessBase"]
[SourceDate "2015.10.08"]
[SourceVersion "1"]
[SourceVersionDate "2015.10.08"]
[SourceQuality "1"]

1. d4 Nf6 2. Nf3 e6 3. c4 d5 4. Nc3 Bb4 5. cxd5 exd5 6. Bg5 h6 7. Bxf6 Qxf6 8. Qa4+ Nc6 9. e3 0-0 10. Bd3 Bg4 11. Ne5 Nxe5 12. dxe5 Bxc3+ 13. bxc3 Qe6 14. 0-0 Bf5 15. Bxf5 Qxf5 16. Qd4 c6 17. f4 Rfe8 18. Rf3 Re6 19. h3 Rg6 20. Re1 Qh5 21. Kh2 f5 22. Qb4 Qh4 23. Ref1 b6 24. g3 Qd8 25. Qb1 Qf8 26. g4 Re6 27. gxf5 Ree8 28. Rg3 Kh8 29. f6 gxf6 30. exf6 Qxf6 31. Rg6 Qf8 32. c4 d4 33. exd4 Re2+ 34. Rg2 Rxg2+ 35. Kxg2 Qg7+ 36. Kh1 Qg3 37. Qb3 Qg7 38. Qf3 Rg8 39. d5 cxd5 40. cxd5 Qb2 41. f5 Qe5 42. Rg1 Rf8 43. Qg2 b5 44. d6 b4 45. d7 Qc3 46. Rd1 Rd8 47. Rd6 Qe1+ 48. Kh2 Qe5+ 49. Qg3 Qe2+ 50. Kg1 Qh5 51. Qe5+ Kg8 52. Rg6+ Qxg6+ 53. fxg6 Kf8 54. Qf6+ 1-0

[Event "Dundee & Angus op Challengers"]
[Site "Dundee"]
[Date "2014.10.11"]
[Round "3"]
[White "Espinosa Cancino, Monica"]
[Black "Burke, David"]
[Result "1/2-1/2"]
[WhiteElo "1527"]
[BlackElo "1720"]
[PlyCount "60"]
[EventDate "2014.10.10"]
[EventType "swiss"]
[EventRounds "5"]
[EventCountry "SCO"]
[SourceTitle "EXT 2017"]
[Source "ChessBase"]
[SourceDate "2016.10.25"]
[SourceVersion "1"]
[SourceVersionDate "2016.10.25"]
[SourceQuality "1"]

1. d4 Nf6 2. c4 e6 3. Nc3 c5 4. dxc5 Bxc5 5. e3 0-0 6. Nf3 Nc6 7. Be2 a6 8. a3 Qc7 9. b4 Ba7 10. Bb2 b6 11. 0-0 Bb7 12. h3 Rad8 13. Qc2 Bb8 14. g3 Nh5 15. Ng5 Nf6 16. Nd5 exd5 17. Bxf6 g6 18. Bxd8 Qxd8 19. Nf3 dxc4 20. Qxc4 Qf6 21. Qh4 Qg7 22. Rad1 d6 23. Rc1 Qb2 24. Bc4 Nd8 25. Ng5 Qg7 26. Ne4 Kh8 27. Nf6 g5 28. Qd4 Nc6 29. Qxb6 Ba8 30. Nd7 Ba7 1/2-1/2

[Event "Commonwealth-ch"]
[Site "Glasgow"]
[Date "2014.07.07"]
[Round "8"]
[White "Espinosa Cancino, Monica"]
[Black "Kleboe, James PR"]
[Result "0-1"]
[WhiteElo "1554"]
[BlackElo "1810"]
[PlyCount "120"]
[EventDate "2014.06.30"]
[EventType "swiss"]
[EventRounds "9"]
[EventCountry "SCO"]
[SourceTitle "CBM 161 Extra"]
[Source "ChessBase"]
[SourceDate "2014.08.29"]
[SourceVersion "1"]
[SourceVersionDate "2014.08.29"]
[SourceQuality "1"]

1. d4 f5 2. c4 Nf6 3. Nc3 e6 4. e3 Bb4 5. a3 Bxc3+ 6. bxc3 0-0 7. Nf3 d6 8. Be2 Bd7 9. 0-0 Qe8 10. h3 Ba4 11. Qd3 g6 12. Nh2 e5 13. f3 e4 14. fxe4 fxe4 15. Qd2 Bd7 16. Bb2 Nc6 17. Rf2 Qe7 18. Raf1 Kg7 19. Qd1 Ng8 20. Qe1 Nh6 21. Rf4 Rxf4 22. Rxf4 Rf8 23. Rxf8 Kxf8 24. Qf2+ Kg7 25. Qf1 Nd8 26. Qf2 c6 27. Qf4 g5 28. Qf2 Ndf7 29. Qf1 Nh8 30. g3 Ng6 31. Qg2 Qe6 32. g4 b6 33. Qf1 Nf7 34. Qf2 Nh4 35. Qf1 d5 36. Kh1 Nd6 37. cxd5 cxd5 38. Bc1 b5 39. Bd2 Nc4 40. Bc1 a6 41. Qe1 Qd6 42. Bxc4 bxc4 43. Qf2 Ba4 44. Qe1 Qxh2+ 45. Kxh2 Nf3+ 46. Kg3 Nxe1 47. Kh2 Bd1 48. Kg3 Kg6 49. Kh2 h5 50. gxh5+ Kxh5 51. Kg3 g4 52. hxg4+ Bxg4 53. Bd2 Nd3 54. Kg2 Kh4 55. Kh2 Bf3 56. Kg1 Kg3 57. Kf1 Bh5 58. Kg1 Kf3 59. Kf1 Bg4 60. a4 Bh3+ 0-1

[Event "Commonwealth-ch"]
[Site "Glasgow"]
[Date "2014.07.05"]
[Round "6"]
[White "Espinosa Cancino, Monica"]
[Black "Smith, Mark J"]
[Result "1-0"]
[WhiteElo "1554"]
[BlackElo "1046"]
[PlyCount "55"]
[EventDate "2014.06.30"]
[EventType "swiss"]
[EventRounds "9"]
[EventCountry "SCO"]
[SourceTitle "CBM 161 Extra"]
[Source "ChessBase"]
[SourceDate "2014.08.29"]
[SourceVersion "1"]
[SourceVersionDate "2014.08.29"]
[SourceQuality "1"]

1. d4 d5 2. Nf3 Nf6 3. e3 Bg4 4. c4 e6 5. Be2 Bb4+ 6. Bd2 Bxd2+ 7. Nbxd2 c6 8. 0-0 Nbd7 9. Ne5 Bxe2 10. Qxe2 0-0 11. f4 Ne4 12. cxd5 cxd5 13. Rf3 Rc8 14. Nxe4 dxe4 15. Rh3 Nf6 16. g4 Ne8 17. g5 g6 18. Qg4 Ng7 19. Qh4 Nh5 20. Ng4 Rc2 21. Nf6+ Kg7 22. Nxh5+ gxh5 23. Qxh5 Rh8 24. Qh6+ Kg8 25. Qf6 Qxf6 26. gxf6 Rxb2 27. Rc1 h6 28. Rg3+ 1-0